Experimental syntx: applying objective methods to sentences judgements / Wayne Cowart

Kaydedildi:
Detaylı Bibliyografya
Yazar: Cowart, Wayne
Materyal Türü: Kitap
Dil:Undetermined
Baskı/Yayın Bilgisi: Londres, Inglaterra SAGE Publications 1997
Konular:
Etiketler: Etiketle
Etiket eklenmemiş, İlk siz ekleyin!

MARC

LEADER 00000nam a2200000Ia 4500
008 170316s9999 xx 000 0 und d
090 |a 410 C-23e 
100 |a Cowart, Wayne 
245 |a Experimental syntx: applying objective methods to sentences judgements / Wayne Cowart 
260 |a Londres, Inglaterra 
260 |b SAGE Publications 
260 |c 1997 
300 |a 187 páginas 
650 |a LINGÜÍSTICA 
650 |a GRAMÁTICA 
650 |a SINTAXIS 
650 |a METODOLOGÍA 
999 |c 18293  |d 18293 
040 |a cru BVZT 
942 |c 15 D  |h 410 C-23e  |2 z